Bergey's manual of systematic bacteriology
Arrangement of the content of the Second Edition follows the now familiar and well regarded phylogeny of the 16S rRNA gene, yet retains much of the layout of the First Edition. Volume 1, encompasses. Volume 2 covers Proteobacteria. At present, there are roughly 6250 named species of Bacteria, and th...
Saved in:
| Main Author: | |
|---|---|
| Format: | Book |
| Language: | Undetermined |
| Published: |
New York
Springer
2001
|
| Subjects: | |
| Tags: |
Add Tag
No Tags, Be the first to tag this record!
|
| Institutions: | Trung tâm Học liệu Trường Đại học Cần Thơ |
|---|
| LEADER | 01447nam a2200229Ia 4500 | ||
|---|---|---|---|
| 001 | CTU_192163 | ||
| 008 | 210402s9999 xx 000 0 und d | ||
| 082 | |a 579.3012 | ||
| 082 | |b G241/Vol.1 | ||
| 100 | |a Garrity, George M. | ||
| 245 | 0 | |a Bergey's manual of systematic bacteriology | |
| 245 | 0 | |c George M. Garrity, editor-in-chief | |
| 260 | |a New York | ||
| 260 | |b Springer | ||
| 260 | |c 2001 | ||
| 520 | |a Arrangement of the content of the Second Edition follows the now familiar and well regarded phylogeny of the 16S rRNA gene, yet retains much of the layout of the First Edition. Volume 1, encompasses. Volume 2 covers Proteobacteria. At present, there are roughly 6250 named species of Bacteria, and the Proteobacteria represent the single largest phylum. Encompassing 72 families and including descriptions of 425 genera and over 1875 named species, this volume is subdivided into three sub-volumes: The Gammaproteobacteria (Part A), The Alphaproteobacteria (Part B) and the Beta, Delta, and Epsilonproteobacteria. Also included are new introductory chapters specific to the phylum. Medically important species appear in all three sub-volumes. Volume 3 covers Firmicutes. | ||
| 526 | |a Vi sinh học đại cương,Vi sinh vật nâng cao | ||
| 526 | |b CS112,CS902 | ||
| 650 | |a Bacteria,Vi khuẩn | ||
| 650 | |x Classification,Phân loại | ||
| 910 | |a Hải | ||
| 980 | |a Trung tâm Học liệu Trường Đại học Cần Thơ | ||